[Event "RUS-ch Girls U21 2020"]
[Site "Moscow"]
[Date "2020.12.09"]
[Round "2"]
[White "Dimitrova, Aleksandra"]
[Black "Shafigullina, Zarina"]
[Result "1-0"]
[WhiteElo "2193"]
[BlackElo "2302"]
[Annotator "broadcasts"]
[PlyCount "117"]
[EventDate "2020.12.08"]
[EventType "tourn"]
[EventCountry "RUS"]

1. e4 {[%emt 0:00:00]} c5 {[%emt 0:06:59]} 2. Nf3 {[%emt 0:00:00]} d6 {[%emt 0:00:40]} 3. d4 {[%emt 0:00:00]} cxd4 {[%emt 0:00:13]} 4. Nxd4 {[%emt 0:00:00]} Nf6 {[%emt 0:00:04]} 5. Nc3 {[%emt 0:00:00]} a6 {[%emt 0:00:07]} 6. Nb3 {[%emt 0:00:00]} Nbd7 {[%emt 0:00:06]} 7. g4 {[%emt 0:00:05]} b5 {[%emt 0:00:54]} 8. g5 {[%emt 0:00:07]} b4 {[%emt 0:00:52]} 9. Nd5 {[%emt 0:00:06]} Nxd5 {[%emt 0:04:38]} 10. exd5 {[%emt 0:00:09]} Bb7 {[%emt 0:02:37]} 11. Bg2 {[%emt 0:00:06]} a5 {[%emt 0:03:16]} 12. a3 {[%emt 0:02:17]} Nc5 {[%emt 0:05:22]} 13. Nxc5 {[%emt 0:06:13]} dxc5 {[%emt 0:00:06]} 14. O-O {[%emt 0:01:04]} Qd6 {[%emt 0:05:34]} 15. axb4 {[%emt 0:05:22]} cxb4 {[%emt 0:03:00]} 16. Re1 {[%emt 0:05:11]} h6 {[%emt 0:03:28]} 17. g6 {[%emt 0:27:24]} Qxg6 {[%emt 0:02:55]} 18. Bf4 {[%emt 0:00:58]} h5 {[%emt 0:07:12]} 19. Qe2 {[%emt 0:03:35]} Kd8 {[%emt 0:06:21]} 20. Qb5 {[%emt 0:09:01]} Qa6 {[%emt 0:07:35]} 21. Rxa5 {[%emt 0:03:08]} Qxb5 {[%emt 0:28:10]} 22. Rxb5 {[%emt 0:00:07]} Ba6 {[%emt 0:00:06]} 23. Ra1 {[%emt 0:09:47]} g5 {[%emt 0:04:44]} 24. Bxg5 {[%emt 0:03:28]} Rg8 {[%emt 0:02:31]} 25. d6 {[%emt 0:06:23]} f6 {[%emt 0:00:50]} 26. Be3 {[%emt 0:13:56]} Bxb5 {[%emt 0:02:31]} 27. Rxa8+ {[%emt 0:00:07]} Kd7 {[%emt 0:00:05]} 28. dxe7 {[%emt 0:01:13]} Kxe7 {[%emt 0:00:51]} 29. Bc5+ {[%emt 0:01:04]} Kf7 {[%emt 0:01:08]} 30. Rxf8+ {[%emt 0:00:36]} Rxf8 {[%emt 0:00:08]} 31. Bd5+ {[%emt 0:01:02]} Kg7 {[%emt 0:00:12]} 32. Bxf8+ {[%emt 0:00:03]} Kxf8 {[%emt 0:00:03]} 33. Kg2 {[%emt 0:00:38]} Ke7 {[%emt 0:01:14]} 34. Kg3 {[%emt 0:00:28]} Ba4 {[%emt 0:01:40]} 35. c3 {[%emt 0:00:35]} bxc3 {[%emt 0:00:05]} 36. bxc3 {[%emt 0:00:03]} Be8 {[%emt 0:01:10]} 37. f4 {[%emt 0:02:32]} Kd6 {[%emt 0:00:17]} 38. Be4 {[%emt 0:00:36]} Kc5 {[%emt 0:00:09]} 39. Bd3 {[%emt 0:00:26]} Ba4 {[%emt 0:01:01]} 40. Be2 {[%emt 0:00:00]} Bc2 {[%emt 0:00:00]} 41. Kh4 {[%emt 0:03:03]} Kd5 {[%emt 0:01:05]} 42. Kxh5 {[%emt 0:01:47]} Ke4 {[%emt 0:00:17]} 43. Kg4 {[%emt 0:00:45]} Ba4 {[%emt 0:06:11]} 44. h4 {[%emt 0:01:13]} Ke3 {[%emt 0:01:56]} 45. Ba6 {[%emt 0:00:23]} Bd7+ {[%emt 0:01:42]} 46. Kg3 {[%emt 0:01:17]} Be8 {[%emt 0:03:40]} 47. Bc8 {[%emt 0:01:43]} Bh5 {[%emt 0:09:23]} 48. Bg4 {[%emt 0:00:42]} Bf7 {[%emt 0:02:31]} 49. h5 {[%emt 0:00:29]} Be8 {[%emt 0:07:03]} 50. h6 {[%emt 0:00:27]} Bg6 {[%emt 0:00:05]} 51. f5 {[%emt 0:02:58]} Bh7 {[%emt 0:00:04]} 52. c4 {[%emt 0:00:15]} Kd4 {[%emt 0:00:04]} 53. Kf4 {[%emt 0:00:12]} Kxc4 {[%emt 0:00:05]} 54. Bh5 {[%emt 0:00:04]} Kd4 {[%emt 0:00:10]} 55. Bg6 {[%emt 0:00:09]} Bg8 {[%emt 0:00:11]} 56. h7 {[%emt 0:00:06]} Bxh7 {[%emt 0:00:03]} 57. Bxh7 {[%emt 0:00:03]} Kd5 {[%emt 0:00:36]} 58. Kg4 {[%emt 0:00:06]} Kd6 {[%emt 0:00:44]} 59. Kh5 {[%emt 0:00:05]} 1-0

[Event "RUS-ch Girls U21 2020"]
[Site "Moscow"]
[Date "2020.12.09"]
[Round "2"]
[White "Kochukova, Anna"]
[Black "Korchagina, Alena"]
[Result "1-0"]
[WhiteElo "2111"]
[BlackElo "2161"]
[Annotator "NA"]
[PlyCount "99"]
[EventDate "2020.12.08"]
[EventType "tourn"]
[EventCountry "RUS"]

1. e4 {[%emt 0:00:00]} e5 {[%emt 0:00:00]} 2. Nf3 {[%emt 0:00:00]} Nc6 {[%emt 0:00:00]} 3. Bc4 {[%emt 0:00:42]} Nf6 {[%emt 0:00:00]} 4. d3 {[%emt 0:00:14]} Bc5 {[%emt 0:00:02]} 5. O-O {[%emt 0:00:14]} d6 {[%emt 0:00:13]} 6. a4 {[%emt 0:00:15]} a6 {[%emt 0:01:18]} 7. c3 {[%emt 0:00:18]} Ba7 {[%emt 0:00:55]} 8. Re1 {[%emt 0:01:17]} h6 {[%emt 0:06:47]} 9. Nbd2 {[%emt 0:02:55]} g5 {[%emt 0:04:08]} 10. Nf1 {[%emt 0:03:07]} g4 {[%emt 0:04:39]} 11. N3d2 {[%emt 0:01:16]} h5 {[%emt 0:07:56]} 12. Nb3 {[%emt 0:04:34]} h4 {[%emt 0:12:23]} 13. Be3 {[%emt 0:10:55]} g3 {[%emt 0:19:08]} 14. Bxa7 {[%emt 0:05:07]} Nxa7 {[%emt 0:00:13]} 15. Ne3 {[%emt 0:07:07]} c6 {[%emt 0:01:45]} 16. Nd2 {[%emt 0:02:57]} Nh5 {[%emt 0:06:52]} 17. Qf3 {[%emt 0:02:00]} gxh2+ {[%emt 0:01:20]} 18. Kh1 {[%emt 0:02:06]} Nf4 {[%emt 0:00:45]} 19. d4 {[%emt 0:03:30]} Qf6 {[%emt 0:05:02]} 20. Rad1 {[%emt 0:07:42]} Qg6 {[%emt 0:06:15]} 21. dxe5 {[%emt 0:05:23]} dxe5 {[%emt 0:00:04]} 22. a5 {[%emt 0:01:33]} Nb5 {[%emt 0:04:06]} 23. Bf1 {[%emt 0:05:16]} Nd6 {[%emt 0:03:16]} 24. Ndc4 {[%emt 0:06:20]} Nxc4 {[%emt 0:00:15]} 25. Bxc4 {[%emt 0:00:19]} Be6 {[%emt 0:05:13]} 26. Bxe6 {[%emt 0:04:56]} fxe6 {[%emt 0:00:08]} 27. Kxh2 {[%emt 0:08:29]} Rf8 {[%emt 0:05:56]} 28. Qg4 {[%emt 0:01:57]} Qxe4 {[%emt 0:01:48]} 29. Nd5 {[%emt 0:05:34]} Qxg2+ {[%emt 0:00:32]} 30. Qxg2 {[%emt 0:00:02]} Nxg2 {[%emt 0:00:02]} 31. Nc7+ {[%emt 0:02:27]} Ke7 {[%emt 0:00:05]} 32. Rxe5 {[%emt 0:01:18]} Nf4 {[%emt 0:03:30]} 33. Nxa8 {[%emt 0:00:45]} Rxa8 {[%emt 0:00:04]} 34. Re4 {[%emt 0:00:28]} Rf8 {[%emt 0:00:40]} 35. Rb4 {[%emt 0:00:34]} Rf5 {[%emt 0:00:42]} 36. Rxb7+ {[%emt 0:01:25]} Kf6 {[%emt 0:00:04]} 37. b4 {[%emt 0:02:40]} Ne2 {[%emt 0:01:17]} 38. Rf1 {[%emt 0:00:39]} Rf3 {[%emt 0:00:34]} 39. Rh7 {[%emt 0:01:24]} Kg5 {[%emt 0:00:53]} 40. c4 {[%emt 0:00:00]} Rf4 {[%emt 0:00:00]} 41. b5 {[%emt 0:07:20]} cxb5 {[%emt 0:11:56]} 42. cxb5 {[%emt 0:00:47]} Kg6 {[%emt 0:02:20]} 43. Rb7 {[%emt 0:03:27]} axb5 {[%emt 0:09:17]} 44. a6 {[%emt 0:02:18]} Ra4 {[%emt 0:00:17]} 45. a7 {[%emt 0:00:21]} Ra2 {[%emt 0:02:11]} 46. Re1 {[%emt 0:03:12]} Nd4 {[%emt 0:00:33]} 47. Rg1+ {[%emt 0:00:45]} Kf6 {[%emt 0:00:42]} 48. Rg8 {[%emt 0:00:45]} Nf3+ {[%emt 0:00:12]} 49. Kg2 {[%emt 0:01:21]} h3+ {[%emt 0:01:21]} 50. Kxf3 {[%emt 0:00:14]} 1-0

[Event "RUS-ch Girls U21 2020"]
[Site "Moscow"]
[Date "2020.12.10"]
[Round "3"]
[White "Afonasieva, Anna"]
[Black "Kochukova, Anna"]
[Result "1-0"]
[WhiteElo "2316"]
[BlackElo "2111"]
[Annotator "broadcasts"]
[PlyCount "87"]
[EventDate "2020.12.08"]
[EventType "tourn"]
[EventCountry "RUS"]

1. d4 {[%emt 0:00:00]} d5 {[%emt 0:00:00]} 2. Bf4 {[%emt 0:00:00]} Nf6 {[%emt 0:00:12]} 3. e3 {[%emt 0:00:00]} e6 {[%emt 0:01:21]} 4. c3 {[%emt 0:00:25]} c5 {[%emt 0:00:36]} 5. Nd2 {[%emt 0:00:34]} Nc6 {[%emt 0:00:15]} 6. Ngf3 {[%emt 0:00:26]} Bd6 {[%emt 0:01:25]} 7. Bg3 {[%emt 0:00:25]} O-O {[%emt 0:01:38]} 8. Bd3 {[%emt 0:00:08]} b6 {[%emt 0:01:29]} 9. Qe2 {[%emt 0:00:09]} Bb7 {[%emt 0:01:37]} 10. Rd1 {[%emt 0:00:07]} Ne7 {[%emt 0:02:27]} 11. e4 {[%emt 0:04:29]} Bxg3 {[%emt 0:18:29]} 12. hxg3 {[%emt 0:00:18]} cxd4 {[%emt 0:01:01]} 13. e5 {[%emt 0:03:39]} Ne4 {[%emt 0:05:25]} 14. Nxe4 {[%emt 0:00:29]} dxe4 {[%emt 0:00:02]} 15. Bxe4 {[%emt 0:00:07]} Bxe4 {[%emt 0:00:16]} 16. Qxe4 {[%emt 0:00:04]} Ng6 {[%emt 0:01:08]} 17. Rxd4 {[%emt 0:01:58]} Qc7 {[%emt 0:03:45]} 18. O-O {[%emt 0:03:12]} Rad8 {[%emt 0:01:11]} 19. Rfd1 {[%emt 0:00:11]} Rxd4 {[%emt 0:02:19]} 20. Rxd4 {[%emt 0:01:54]} h6 {[%emt 0:02:21]} 21. c4 {[%emt 0:09:59]} Qc5 {[%emt 0:06:09]} 22. b3 {[%emt 0:02:07]} Qa5 {[%emt 0:02:37]} 23. Qe2 {[%emt 0:01:15]} Rc8 {[%emt 0:00:57]} 24. Rd7 {[%emt 0:02:43]} Nf8 {[%emt 0:04:13]} 25. Rd6 {[%emt 0:01:01]} Ng6 {[%emt 0:02:54]} 26. Rd2 {[%emt 0:04:13]} Qc3 {[%emt 0:03:14]} 27. Rd7 {[%emt 0:05:27]} a5 {[%emt 0:04:19]} 28. Rb7 {[%emt 0:20:13]} Rd8 {[%emt 0:11:08]} 29. Rxb6 {[%emt 0:02:55]} Qc1+ {[%emt 0:01:14]} 30. Kh2 {[%emt 0:00:56]} Rd1 {[%emt 0:01:34]} 31. Rb8+ {[%emt 0:00:59]} Nf8 {[%emt 0:00:26]} 32. g4 {[%emt 0:00:31]} h5 {[%emt 0:07:29]} 33. gxh5 {[%emt 0:05:10]} Rh1+ {[%emt 0:01:03]} 34. Kg3 {[%emt 0:00:04]} Rxh5 {[%emt 0:04:17]} 35. Qd2 {[%emt 0:01:51]} Qxd2 {[%emt 0:01:40]} 36. Nxd2 {[%emt 0:00:04]} Rxe5 {[%emt 0:00:09]} 37. Kf3 {[%emt 0:00:18]} f6 {[%emt 0:00:51]} 38. Rb5 {[%emt 0:02:43]} Nd7 {[%emt 0:00:58]} 39. Rxe5 {[%emt 0:00:34]} Nxe5+ {[%emt 0:00:03]} 40. Ke4 {[%emt 0:00:00]} Kf7 {[%emt 0:00:00]} 41. Kd4 {[%emt 0:01:07]} Ke7 {[%emt 0:00:44]} 42. f3 {[%emt 0:02:31]} Kd6 {[%emt 0:02:56]} 43. Ne4+ {[%emt 0:03:01]} Kc7 {[%emt 0:00:51]} 44. a3 {[%emt 0:03:11]} 1-0

[Event "RUS-ch Girls U21 2020"]
[Site "Moscow"]
[Date "2020.12.10"]
[Round "3"]
[White "Obolentseva, Alexandra"]
[Black "Dimitrova, Aleksandra"]
[Result "0-1"]
[WhiteElo "2305"]
[BlackElo "2193"]
[Annotator "broadcasts"]
[PlyCount "84"]
[EventDate "2020.12.08"]
[EventType "tourn"]
[EventCountry "RUS"]

1. d4 {[%emt 0:00:00]} Nf6 {[%emt 0:00:00]} 2. c4 {[%emt 0:00:00]} e6 {[%emt 0:00:00]} 3. Nc3 {[%emt 0:00:00]} Bb4 {[%emt 0:00:00]} 4. Qc2 {[%emt 0:00:04]} O-O {[%emt 0:00:00]} 5. a3 {[%emt 0:00:28]} Bxc3+ {[%emt 0:00:03]} 6. Qxc3 {[%emt 0:00:08]} d5 {[%emt 0:00:04]} 7. Bg5 {[%emt 0:01:28]} dxc4 {[%emt 0:03:50]} 8. Qxc4 {[%emt 0:00:50]} b6 {[%emt 0:00:53]} 9. Rc1 {[%emt 0:02:19]} Ba6 {[%emt 0:02:26]} 10. Qc3 {[%emt 0:00:13]} h6 {[%emt 0:09:45]} 11. Bh4 {[%emt 0:00:51]} Nbd7 {[%emt 0:01:48]} 12. Qc6 {[%emt 0:03:40]} Rc8 {[%emt 0:07:08]} 13. Nf3 {[%emt 0:03:29]} Nb8 {[%emt 0:05:20]} 14. Qa4 {[%emt 0:00:37]} Qd7 {[%emt 0:05:46]} 15. Qxd7 {[%emt 0:00:35]} Nbxd7 {[%emt 0:00:07]} 16. e3 {[%emt 0:02:18]} Bxf1 {[%emt 0:00:29]} 17. Rxf1 {[%emt 0:00:43]} c5 {[%emt 0:04:05]} 18. Bxf6 {[%emt 0:04:29]} gxf6 {[%emt 0:03:40]} 19. Ke2 {[%emt 0:00:16]} c4 {[%emt 0:09:56]} 20. Nd2 {[%emt 0:02:34]} b5 {[%emt 0:00:37]} 21. b3 {[%emt 0:01:02]} cxb3 {[%emt 0:02:17]} 22. Nxb3 {[%emt 0:00:07]} Nb6 {[%emt 0:00:40]} 23. Rc5 {[%emt 0:01:01]} Na4 {[%emt 0:03:33]} 24. Rxc8 {[%emt 0:03:13]} Rxc8 {[%emt 0:00:05]} 25. Nc5 {[%emt 0:00:10]} Nxc5 {[%emt 0:02:02]} 26. Rc1 {[%emt 0:00:06]} Kf8 {[%emt 0:00:52]} 27. dxc5 {[%emt 0:04:42]} Ke7 {[%emt 0:00:38]} 28. g4 {[%emt 0:00:08]} Kd7 {[%emt 0:00:58]} 29. h4 {[%emt 0:00:37]} Kc6 {[%emt 0:01:29]} 30. f4 {[%emt 0:00:33]} a5 {[%emt 0:05:05]} 31. h5 {[%emt 0:04:33]} Rg8 {[%emt 0:10:30]} 32. Kf3 {[%emt 0:00:07]} f5 {[%emt 0:00:33]} 33. gxf5 {[%emt 0:05:42]} exf5 {[%emt 0:00:03]} 34. Rd1 {[%emt 0:04:18]} b4 {[%emt 0:03:11]} 35. axb4 {[%emt 0:00:08]} axb4 {[%emt 0:00:03]} 36. Rc1 {[%emt 0:01:16]} b3 {[%emt 0:02:40]} 37. e4 {[%emt 0:04:14]} b2 {[%emt 0:01:16]} 38. Rb1 {[%emt 0:00:33]} Rb8 {[%emt 0:00:07]} 39. exf5 {[%emt 0:01:17]} Kxc5 {[%emt 0:00:25]} 40. Ke4 {[%emt 0:00:00]} Kc4 {[%emt 0:00:00]} 41. Ke5 {[%emt 0:04:33]} Rb6 {[%emt 0:03:26]} 42. Rxb2 {[%emt 0:02:23]} f6+ {[%emt 0:00:09]} 0-1

[Event "RUS-ch Girls U21 2020"]
[Site "Moscow"]
[Date "2020.12.10"]
[Round "3"]
[White "Shafigullina, Zarina"]
[Black "Protopopova, Anastasiya"]
[Result "1-0"]
[WhiteElo "2302"]
[BlackElo "2267"]
[Annotator "broadcasts"]
[PlyCount "81"]
[EventDate "2020.12.08"]
[EventType "tourn"]
[EventCountry "RUS"]

1. d4 {[%emt 0:00:00]} Nf6 {[%emt 0:00:00]} 2. c4 {[%emt 0:00:00]} e6 {[%emt 0:00:00]} 3. Nf3 {[%emt 0:00:00]} Bb4+ {[%emt 0:00:31]} 4. Bd2 {[%emt 0:00:00]} a5 {[%emt 0:00:05]} 5. g3 {[%emt 0:00:05]} d6 {[%emt 0:00:31]} 6. Bg2 {[%emt 0:00:16]} Nbd7 {[%emt 0:00:16]} 7. O-O {[%emt 0:00:27]} e5 {[%emt 0:00:26]} 8. Bg5 {[%emt 0:02:28]} exd4 {[%emt 0:03:15]} 9. Nxd4 {[%emt 0:00:50]} h6 {[%emt 0:02:53]} 10. Bf4 {[%emt 0:01:25]} O-O {[%emt 0:02:39]} 11. a3 {[%emt 0:07:22]} Bc5 {[%emt 0:00:19]} 12. Nc3 {[%emt 0:01:54]} Re8 {[%emt 0:10:50]} 13. Nc2 {[%emt 0:14:18]} a4 {[%emt 0:08:13]} 14. Nb4 {[%emt 0:04:52]} Ne5 {[%emt 0:12:42]} 15. Bxe5 {[%emt 0:12:06]} dxe5 {[%emt 0:02:59]} 16. Qc2 {[%emt 0:00:35]} Qe7 {[%emt 0:08:25]} 17. Nd3 {[%emt 0:03:40]} Bd4 {[%emt 0:05:04]} 18. Nxa4 {[%emt 0:03:16]} e4 {[%emt 0:02:29]} 19. Nb4 {[%emt 0:02:15]} e3 {[%emt 0:03:34]} 20. f3 {[%emt 0:02:00]} Be6 {[%emt 0:11:26]} 21. Rad1 {[%emt 0:05:23]} c5 {[%emt 0:01:26]} 22. Nd3 {[%emt 0:00:33]} Qc7 {[%emt 0:02:12]} 23. Nf4 {[%emt 0:05:54]} Bd7 {[%emt 0:03:49]} 24. Nc3 {[%emt 0:00:51]} Qa5 {[%emt 0:03:37]} 25. Nfd5 {[%emt 0:05:55]} Nxd5 {[%emt 0:00:32]} 26. Nxd5 {[%emt 0:00:36]} Rad8 {[%emt 0:01:32]} 27. f4 {[%emt 0:03:22]} Qa4 {[%emt 0:02:06]} 28. b3 {[%emt 0:06:14]} Qxa3 {[%emt 0:01:09]} 29. f5 {[%emt 0:00:06]} f6 {[%emt 0:01:48]} 30. Nc7 {[%emt 0:04:19]} Re5 {[%emt 0:04:59]} 31. Bxb7 {[%emt 0:00:07]} Rb8 {[%emt 0:00:59]} 32. Bd5+ {[%emt 0:00:20]} Kh8 {[%emt 0:00:04]} 33. Ne6 {[%emt 0:02:23]} Qxb3 {[%emt 0:02:38]} 34. Rb1 {[%emt 0:02:35]} Bb2 {[%emt 0:01:22]} 35. Qxb3 {[%emt 0:00:46]} Rxb3 {[%emt 0:00:02]} 36. Nxc5 {[%emt 0:00:07]} Bxf5 {[%emt 0:00:35]} 37. Nxb3 {[%emt 0:03:34]} Bxb1 {[%emt 0:00:40]} 38. Rxb1 {[%emt 0:00:05]} Bc3 {[%emt 0:00:33]} 39. Nc5 {[%emt 0:00:15]} f5 {[%emt 0:01:18]} 40. Ne6 {[%emt 0:00:00]} g5 {[%emt 0:00:00]} 41. Rb7 {[%emt 0:01:10]} 1-0

[Event "RUS-ch Girls U21 2020"]
[Site "Moscow"]
[Date "2020.12.10"]
[Round "3"]
[White "Nazarova, Anastasia"]
[Black "Nosacheva, Mariya"]
[Result "1/2-1/2"]
[WhiteElo "2190"]
[BlackElo "2243"]
[Annotator "broadcasts"]
[PlyCount "83"]
[EventDate "2020.12.08"]
[EventType "tourn"]
[EventCountry "RUS"]

1. d4 {[%emt 0:00:00]} Nf6 {[%emt 0:00:00]} 2. c4 {[%emt 0:00:05]} g6 {[%emt 0:00:29]} 3. Nc3 {[%emt 0:01:09]} Bg7 {[%emt 0:00:10]} 4. e4 {[%emt 0:00:05]} d6 {[%emt 0:00:08]} 5. f3 {[%emt 0:00:06]} O-O {[%emt 0:00:24]} 6. Be3 {[%emt 0:00:04]} Nc6 {[%emt 0:03:38]} 7. Nge2 {[%emt 0:00:09]} e5 {[%emt 0:00:26]} 8. d5 {[%emt 0:01:09]} Ne7 {[%emt 0:00:58]} 9. g4 {[%emt 0:05:05]} h5 {[%emt 0:08:17]} 10. gxh5 {[%emt 0:01:39]} Nxh5 {[%emt 0:00:24]} 11. Qd2 {[%emt 0:00:16]} f5 {[%emt 0:05:34]} 12. O-O-O {[%emt 0:00:31]} f4 {[%emt 0:00:37]} 13. Bf2 {[%emt 0:00:09]} b6 {[%emt 0:01:46]} 14. Kb1 {[%emt 0:08:45]} Bf6 {[%emt 0:01:00]} 15. h4 {[%emt 0:05:42]} Kf7 {[%emt 0:00:33]} 16. Ng1 {[%emt 0:04:59]} Rh8 {[%emt 0:00:50]} 17. Bh3 {[%emt 0:02:13]} Bxh3 {[%emt 0:00:39]} 18. Nxh3 {[%emt 0:00:51]} Qd7 {[%emt 0:10:41]} 19. Rdg1 {[%emt 0:05:19]} Rh6 {[%emt 0:02:58]} 20. Ne2 {[%emt 0:14:18]} Rah8 {[%emt 0:03:06]} 21. Nc1 {[%emt 0:16:36]} a5 {[%emt 0:00:16]} 22. Nd3 {[%emt 0:00:55]} Ng7 {[%emt 0:05:56]} 23. Ng5+ {[%emt 0:02:42]} Bxg5 {[%emt 0:02:02]} 24. Rxg5 {[%emt 0:00:05]} Rh5 {[%emt 0:00:08]} 25. Rhg1 {[%emt 0:05:41]} Qh3 {[%emt 0:00:33]} 26. Qd1 {[%emt 0:06:19]} Rxg5 {[%emt 0:04:57]} 27. Rxg5 {[%emt 0:00:01]} Nh5 {[%emt 0:02:16]} 28. Nxe5+ {[%emt 0:09:54]} dxe5 {[%emt 0:00:31]} 29. Rxe5 {[%emt 0:00:09]} Ng3 {[%emt 0:04:12]} 30. Qd4 {[%emt 0:05:37]} Qf1+ {[%emt 0:09:14]} 31. Kc2 {[%emt 0:00:08]} Ne2 {[%emt 0:00:11]} 32. Rxe7+ {[%emt 0:01:37]} Kxe7 {[%emt 0:00:02]} 33. Qg7+ {[%emt 0:00:08]} Kd8 {[%emt 0:00:26]} 34. Qxh8+ {[%emt 0:00:05]} Kd7 {[%emt 0:00:04]} 35. e5 {[%emt 0:03:50]} Qxf2 {[%emt 0:00:25]} 36. e6+ {[%emt 0:00:03]} Kd6 {[%emt 0:00:08]} 37. Qd8+ {[%emt 0:00:27]} Ke5 {[%emt 0:00:06]} 38. Qxc7+ {[%emt 0:00:25]} Kf5 {[%emt 0:01:10]} 39. Qf7+ {[%emt 0:00:12]} Ke5 {[%emt 0:00:07]} 40. Qc7+ {[%emt 0:00:00]} Kf5 {[%emt 0:00:00]} 41. Qf7+ {[%emt 0:23:41]} Ke5 {[%emt 0:00:18]} 42. Qc7+ {[%emt 0:00:13]} 1/2-1/2

[Event "RUS-ch Girls U21 2020"]
[Site "Moscow"]
[Date "2020.12.10"]
[Round "3"]
[White "Korchagina, Alena"]
[Black "Borisova, Ekaterina"]
[Result "0-1"]
[WhiteElo "2161"]
[BlackElo "2308"]
[Annotator "broadcasts"]
[PlyCount "102"]
[EventDate "2020.12.08"]
[EventType "tourn"]
[EventCountry "RUS"]

1. Nf3 {[%emt 0:01:15]} Nf6 {[%emt 0:00:00]} 2. c4 {[%emt 0:00:08]} g6 {[%emt 0:00:00]} 3. b4 {[%emt 0:00:31]} Bg7 {[%emt 0:00:00]} 4. Bb2 {[%emt 0:00:03]} O-O {[%emt 0:00:43]} 5. e3 {[%emt 0:00:04]} c6 {[%emt 0:00:29]} 6. Be2 {[%emt 0:00:30]} d5 {[%emt 0:00:06]} 7. d4 {[%emt 0:00:11]} Bg4 {[%emt 0:00:19]} 8. Nbd2 {[%emt 0:00:43]} e6 {[%emt 0:02:35]} 9. O-O {[%emt 0:00:47]} Qe7 {[%emt 0:00:14]} 10. c5 {[%emt 0:03:52]} Nbd7 {[%emt 0:01:17]} 11. a4 {[%emt 0:11:12]} Bxf3 {[%emt 0:03:40]} 12. Bxf3 {[%emt 0:04:35]} e5 {[%emt 0:01:08]} 13. Qb3 {[%emt 0:11:23]} e4 {[%emt 0:02:52]} 14. Be2 {[%emt 0:00:04]} Ne8 {[%emt 0:00:03]} 15. f3 {[%emt 0:08:33]} exf3 {[%emt 0:23:26]} 16. Bxf3 {[%emt 0:00:11]} Bh6 {[%emt 0:00:08]} 17. Rae1 {[%emt 0:01:01]} Nef6 {[%emt 0:02:20]} 18. Re2 {[%emt 0:07:28]} Rae8 {[%emt 0:06:28]} 19. Rfe1 {[%emt 0:06:30]} Qd8 {[%emt 0:10:03]} 20. b5 {[%emt 0:04:20]} Re7 {[%emt 0:01:08]} 21. Qd3 {[%emt 0:03:17]} Rfe8 {[%emt 0:01:47]} 22. Bc3 {[%emt 0:04:15]} Ne4 {[%emt 0:11:51]} 23. Bxe4 {[%emt 0:08:22]} dxe4 {[%emt 0:00:07]} 24. Qc2 {[%emt 0:00:03]} Nf6 {[%emt 0:01:11]} 25. Nc4 {[%emt 0:00:48]} Qd5 {[%emt 0:02:01]} 26. Ne5 {[%emt 0:02:16]} Bg7 {[%emt 0:06:14]} 27. bxc6 {[%emt 0:04:04]} bxc6 {[%emt 0:00:06]} 28. Rb1 {[%emt 0:00:10]} Nh5 {[%emt 0:02:55]} 29. Qa2 {[%emt 0:06:32]} Qxa2 {[%emt 0:12:50]} 30. Rxa2 {[%emt 0:00:06]} Bxe5 {[%emt 0:00:02]} 31. dxe5 {[%emt 0:00:05]} Ng7 {[%emt 0:00:02]} 32. Rb4 {[%emt 0:00:29]} Ne6 {[%emt 0:00:05]} 33. Rxe4 {[%emt 0:05:19]} Rb7 {[%emt 0:05:04]} 34. Rd2 {[%emt 0:04:21]} Rb1+ {[%emt 0:01:13]} 35. Kf2 {[%emt 0:00:03]} Rc1 {[%emt 0:00:13]} 36. Bb4 {[%emt 0:00:59]} Rb8 {[%emt 0:02:10]} 37. Rd6 {[%emt 0:01:52]} Rc2+ {[%emt 0:00:31]} 38. Bd2 {[%emt 0:02:05]} Nxc5 {[%emt 0:01:22]} 39. Red4 {[%emt 0:00:13]} Ne6 {[%emt 0:01:05]} 40. Rd3 {[%emt 0:00:00]} Rbb2 {[%emt 0:00:00]} 41. Ke1 {[%emt 0:01:27]} c5 {[%emt 0:09:37]} 42. Rc6 {[%emt 0:10:47]} Rb1+ {[%emt 0:07:57]} 43. Ke2 {[%emt 0:00:15]} Ra1 {[%emt 0:00:18]} 44. Ra6 {[%emt 0:05:10]} Raa2 {[%emt 0:00:40]} 45. Kd1 {[%emt 0:07:00]} c4 {[%emt 0:00:49]} 46. Rd7 {[%emt 0:00:05]} c3 {[%emt 0:00:43]} 47. Bxc3 {[%emt 0:00:05]} Rxc3 {[%emt 0:00:49]} 48. Raxa7 {[%emt 0:00:05]} Rb3 {[%emt 0:01:43]} 49. Ke1 {[%emt 0:02:56]} Rxe3+ {[%emt 0:01:21]} 50. Kf1 {[%emt 0:00:04]} Rb3 {[%emt 0:00:11]} 51. Rd1 {[%emt 0:00:08]} Rbb2 {[%emt 0:00:31]} 0-1